Music Quiz

Random Music Quiz

Drum Corps International Top 25 1978 Quiz Stats

 Plays Quiz not verified by Sporcle

Score 0/25 Timer 12:00
0 Plays Today
Place Corps % Correct
3Blue Devils
98.6%
1Santa Clara Vanguard
97.2%
4Madison Scouts
95.8%
727th Lancers
95.8%
8Blue Stars
94.4%
10North Star
94.4%
13Freelancers
94.4%
2Phantom Regiment
93.1%
6Spirit of Atlanta
93.1%
9Crossmen
93.1%
12Kilties
93.1%
15Boston Crusaders
93.1%
5Bridgemen
91.7%
Place Corps % Correct
11Guardsmen
91.7%
14Garfield Cadets
91.7%
16Cavaliers
91.7%
17Oakland Crusaders
90.3%
20Troopers
88.9%
23Seneca Optimists
86.1%
25Velvet Knights
84.7%
21Squires
81.9%
19Anaheim Kingsmen
79.2%
24Wausau Story
70.8%
18Offensive Lions
68.1%
22Cadets of Greece
54.2%

You're not logged in!

Compare scores with friends on all Sporcle quizzes.
OR
Log In

Show Comments

Extras

Created Oct 15, 2010ReportNominate
Tags:1978, corp, dci, place, score, Top 25

Top Quizzes Today


Score Distribution

Your Account Isn't Verified!

In order to create a playlist on Sporcle, you need to verify the email address you used during registration. Go to your Sporcle Settings to finish the process.

Report this User

Report this user for behavior that violates our Community Guidelines.

Details: